| 000 | 00666nam a22002537a 4500 | ||
|---|---|---|---|
| 999 |
_c4378 _d4378 |
||
| 001 | 11541 | ||
| 003 | BD-DhUAP | ||
| 005 | 20201109104325.0 | ||
| 008 | 201109s19821970enka 001 0 eng | ||
| 020 | _a0435686666 | ||
| 035 | _a(OCoLC)2660097 | ||
| 040 |
_aBD-DhUAP _cBD-DhUAP _dBD-DhUAP _bEng |
||
| 082 |
_a530 NEL _223 |
||
| 100 | _aNelkon, M. | ||
| 245 | 1 | 0 |
_aAdvanced level physics / _cM. Nelkon and P. Parker. |
| 250 | _a5th ed. | ||
| 260 |
_aLondon : _bHEB, _cc1982. |
||
| 300 |
_a947 pages : _billustrations ; _c24 cm. |
||
| 500 | _aIncludes index. | ||
| 650 | 0 | _aPhysics. | |
| 650 | 0 |
_aPhysics _xExperiments. |
|
| 700 | _aParker, P. | ||
| 942 |
_2ddc _cBK |
||